Normal view
MARC view
- Dela Torre, Marie Chris M.
Entry Meeting Name
001 - CONTROL NUMBER
- control field: 62328
003 - CONTROL NUMBER IDENTIFIER
- control field: OSt
005 - DATE AND TIME OF LATEST TRANSACTION
- control field: 20241004165043.0
008 - FIXED-LENGTH DATA ELEMENTS
- fixed length control field: 241004|| aca||aabn | a|a d
040 ## - CATALOGING SOURCE
- Original cataloging agency: OSt
111 ## - HEADING--MEETING NAME
- Meeting name or jurisdiction name as entry element: Dela Torre, Marie Chris M.
- Relator term: author.
